| 000 | 02068nam a2200445 c 4500 | ||
|---|---|---|---|
| 003 | BLK | ||
| 005 | 20240509140051.0 | ||
| 008 | 180408b bul|||||r ||||||| ||bul|| | ||
| 010 | _aKNG00071971000 | ||
| 020 |
_a954-649-782-7 _bиздат.: Сиела Софт енд Паблишинг |
||
| 040 | _aBLK | ||
| 041 |
_aBUL _cBUL |
||
| 080 |
_aПсихология на пола _b159.922.1 _x(079)(02.062) _z159.922.1(079)(02.062) |
||
| 080 |
_aСемейна етика. Вж и 176 ; 343.3/.7 ; 347.6 ; 392 _b173 _x(079)(02.062) _z173(079)(02.062) |
||
| 100 | 1 |
_aПийз, Алън _eпърви автор _9266453 |
|
| 700 | 1 |
_aПийз, Барбара _eсъавт. _9266454 |
|
| 700 | 1 |
_aДанилова, Анелия Александрова _d1957 - _gПреводач от английски език _958525 |
|
| 139 |
_aПийз, Алън _bП 51 |
||
| 245 | 1 | 0 |
_aПодходящи ли сте един за друг? _bТестове за проверка на отношенията ви с вашия партньор _cАлън Пийз; съавт. Барбара Пийз; прев. от англ. Анелия Александрова Данилова. |
| 257 | _aAUS | ||
| 260 |
_аСофия _bСиела Софт енд Паблишинг _c2005 |
||
| 300 |
_a128 с. _bс ил. _c21 см |
||
| 380 | _a1 | ||
| 490 | 1 | _aПоредица Новата ера в общуването | |
| 500 | _aБез сведение за ориг. загл. | ||
| 650 | 4 |
_aМъже - психология и поведение _9243392 |
|
| 650 | 4 |
_aЖени - психология и поведение _9243391 |
|
| 650 | 4 |
_aСемейство - психология _9269906 |
|
| 653 | _aсемейство | ||
| 653 | _aмъже | ||
| 653 | _aжени | ||
| 653 | _aпсихология на личността | ||
| 653 | _aтестове | ||
| 852 | _aЦб 231708 | ||
| 856 | 4 |
_qpdf _u |
|
| 856 | 4 |
_qpdf _u |
|
| 942 |
_cKNG _n0 _04 |
||
| 944 |
_aCR _c21.02.2007 _k30531 _lЦветелина Шанова |
||
| 944 |
_aED _c28.02.2007 _k |
||
| 999 |
_c67658 _d67658 |
||